000
00263nam a2200109Ia 4500
008
190216s9999||||xx |||||||||||||| ||und||
100
_a
Bimalmitra
245
0
_a
Prathi Hajarund
260
_b
Sahithya Pravarthaka Sahakarana Sangam
650
_a
Novel
942
_c
BK
999
_c
25887
_d
25887